Montreal Canadiens 2025-2026 Roster - Statistics

General Stats
  • This quiz has been taken 653 times
    555 since last reset
  • The average score is 19 of 23
Answer Stats
Jersey # Pos Player % Correct
13 RW Cole Caufield
99%
14 C Nick Suzuki
99%
20 LW Juraj Slafkovsky
93%
93 RW Ivan Demidov
92%
75 G Jakub Dobes
92%
48 D Lane Hutson
92%
8 D Mike Matheson
92%
35 G Sam Montembeault
89%
11 RW Brendan Gallagher
88%
53 D Noah Dobson
87%
72 D Arber Xhekaj
85%
17 RW Josh Anderson
85%
45 D Alexandre Carrier
84%
71 C Jake Evans
83%
15 C Alex Newhook
82%
21 D Kaiden Guhle
82%
47 D Jayden Struble
81%
92 RW Patrik Laine
79%
76 RW Zack Bolduc
79%
77 C Kirby Dach
78%
91 C Oliver Kapanen
77%
90 C Joe Veleno
75%
37 D Marc Del Gaizo
17%
No matching quizzes found
Score Distribution
Percent of People with Each Score
Percentile by Number Answered
Your Score History
You have not taken this quiz since the last reset